Riconosci il Pokémon - Quiz n°262 - Statistics

Statistiche generali
  • Questo quiz è stato fatto 1 volte
  • Il punteggio medio è 3 su 10
Statistiche sulle risposte
Indizio Risposta % Corretto
Stadio evoluzione Non si evolve
100%
Tipo Normale
100%
Generazione Terza
100%
Altezza 1,0 m
0%
Tasso di cattura 200 (36.6%)
0%
Peso 22,0 kg
0%
Sesso 50% ♂, 50% ♀
0%
Abilità Cambiacolore; Mutatipo
0%
Pokémon Kecleon
0%
Tasso di allevamento Medio-Lento
0%
Nessun quiz corrispondente trovato
Distribuzione punteggi
Percentuale di utenti per punteggio
Percentile per numero di risposta
I tuoi punteggi nel tempo
Non hai fatto questo quiz